Michigan Vs Ohio State - Statistics

General Stats
  • This quiz has been taken 177 times
  • The average score is 12 of 15
Answer Stats
Question Answer % Correct
Ryan Day is the head coach of which team Ohio State
100%
True or False Michigan Quarterback JJ McCarthy was drafted by the Minnesota Vikings True
100%
Jim Harbaugh was the forner head coach of which team Michigan
98%
Urban Meyer was the head coach of which team Ohio State
98%
Lebron James is a fan of which team Ohio State
95%
True or False Adam Hutchinson played for Ohio State False
93%
Who leads the all time series Michigan
93%
True or False Ted Ginn jr played for Ohio State True
87%
Who won the first meeting in 1897 Michigan
78%
Who has more wins in their program Michigan
76%
Has more Heisman winners Ohio State
76%
True or False CJ Stroud never beat Michigan True
76%
Who has the largest victory in this series (86-0) (1902) Michigan
71%
Made the College Football Playoffs Both
45%
Who has more National Championships Michigan
44%
No matching quizzes found
Score Distribution
Percent of People with Each Score
Percentile by Number Answered
Your Score History
You have not taken this quiz